Brawl Stars : Les Brawlers A-Z - Statistiques

Statistiques générales
  • Ce quiz a été pris 1 077 fois
    156 depuis la dernière actualisation
  • Le résultat moyen est 22 sur 26
Statistiques - réponses
Lettre Brawlers % Correct
I -
100%
Q -
100%
U -
100%
V -
100%
X -
100%
Y -
100%
Z -
100%
B Bartaba | Béa | Belle | Berry | Billie| Bo | Bonnie | Brock | Bull | Buster | Buzz | Buzz l'éclair | Byron
96%
C Carl | Charlie | Chester | Chuck | Clancy | Colette | Colt | Corbac | Cordelius
92%
E Edgar | El Costo | Eliz@ | Emeri | Eve
92%
A Alli | Ambre | Angelo | ARKAD | Ash
91%
D Darryl | D'jinn | Doug | Draco | Dynamike
90%
F Fang | Finx | Franck
88%
M Maisie | Mandy | Max | Médor | Meeple | Meg | Melody | Mico | Moe | MonsieurM | Mortis
87%
G Gael | Gray | Griff | Grom | Gus
83%
S Sam | Shade | Shelly | Spike | Squeak | Stu | Surge
82%
J Jacky | Jae-Yong |Janet | Jessie | Juju
78%
P Pam | Pearl | Penny | Poco | Polly
77%
L Larry & Lawrie | Léon | Lily | Lola | Lou | Lumi
76%
W Wally | Willow
71%
K Kaze | Kenji | Kit
70%
T Tara | Tick | Trunk
66%
R RT | Rico | Rosa
65%
N Nani | Nita
64%
O Ollie | Otis
62%
H Hank
55%
Aucun quiz correspondant
Distribution des résultats
% des personnes avec chaque résultat
Percentile par nombre de réponses
Votre historique - résultats
Vous n’avez pas pris ce quiz depuis la dernière actualisation